ADVANCED THEORY OF STRUCTURES (Record no. 546817)
[ view plain ]
| 000 -LEADER | |
|---|---|
| fixed length control field | 00465 a2200157 4500 |
| 020 ## - INTERNATIONAL STANDARD BOOK NUMBER | |
| International Standard Book Number | 0-7121-0124-1 |
| 082 ## - DEWEY DECIMAL CLASSIFICATION NUMBER | |
| Classification number | 624.1773 BEL |
| Author Mark | L-20-P-122 |
| 090 ## - LOCALLY ASSIGNED LC-TYPE CALL NUMBER (OCLC); LOCAL CALL NUMBER (RLIN) | |
| -- | 2818 |
| -- | 2818 |
| 100 ## - MAIN ENTRY--PERSONAL NAME | |
| Personal name | BELL,J BRIAN |
| 9 (RLIN) | 43012 |
| 245 ## - TITLE STATEMENT | |
| Title | ADVANCED THEORY OF STRUCTURES |
| Remainder of title | FRAMED ANALYSIS |
| 260 ## - PUBLICATION, DISTRIBUTION, ETC. | |
| Place of publication, distribution, etc. | LONDON |
| Name of publisher, distributor, etc. | MACDONALD & EVAND LTD |
| Date of publication, distribution, etc. | 1974 |
| 300 ## - PHYSICAL DESCRIPTION | |
| Dimensions | 24CM |
| 500 ## - GENERAL NOTE | |
| General note | THEORY OF STRUCTURES |
| 526 ## - STUDY PROGRAM INFORMATION NOTE | |
| Program name | 0 |
| Interest level | 0 |
| Reading level | 0 |
| Title point value | 624_177300000000000_BEL_L20P12 |
| 942 ## - ADDED ENTRY ELEMENTS (KOHA) | |
| Source of classification or shelving scheme | |
| Institution code [OBSOLETE] | MCE |
| Koha item type | |
| Call number prefix | 624.1773 BEL |
| Withdrawn status | Lost status | Source of classification or shelving scheme | Damaged status | Not for loan | Permanent Location | Current Location | Date acquired | Total Checkouts | Full call number | Barcode | Date last seen | Date last checked out | Price effective from | Koha item type |
|---|---|---|---|---|---|---|---|---|---|---|---|---|---|---|
| Military College of Engineering (MCE) | Military College of Engineering (MCE) | 06/20/2014 | 1 | 624.1773 BEL L-20-P-122 | MCE-12818 | 12/07/2017 | 12/06/2017 | 06/20/2014 |
